000 00494nam a22001577a 4500
999 _c7068
_d7068
008 200417b ||||| |||| 00| 0 eng d
020 _a978-93-5024-866-9
082 _a300.72 KRI
100 _aKRISHNASWAMI, O.R
245 _aMethodology of Research in Social Sciences
_cO.R. Krisnaswami and M. Ranganathan
_hEnglish
250 _a3rd ed.
260 _aDelhi
_bHimalaya Publishing House
_c2011
300 _a445p.
_bIllustration
_c27cm
650 _2Social science Research
942 _2lcc
_cBOOKS